00361nas a22001217a 4500008004100000022001400041245007200055260005600127300000900183310001200192546001400204650002100218130306t19979999ag ||||| |||| 00| 0 spa d a0326-0852 aMedicine:bPrograma de Formacion Continuada en Medicina Asistencial aBuenos Aires:bAP Americana de Publicaciones,c1997 av. : amensual aespañol aEDUCACION MEDICA